Statistics for Rivers Forming US State Borders

Click here to take the quiz!

General Stats

  • This quiz has been taken 347 times
  • The average score is 11 of 24

Answer Stats

StatesRiver% Correct
Arkansas, Illinois, Iowa, 7 othersMississippi
98%
Iowa, Kansas, Missouri, 2 othersMissouri
93%
Illinois, Kentucky, Ohio, 2 othersOhio
86%
Arizona, California, NevadaColorado
84%
New Jersey, New YorkHudson
81%
New Mexico, Texas{Rio} {Grande}
80%
Oregon, WashingtonColumbia
73%
DC, Virginia, 2 othersPotomac
72%
Delaware, New Jersey, 2 othersDelaware
67%
Idaho, Oregon, WashingtonSnake
63%
Kentucky, Tennessee, 2 othersTennessee
52%
New Hampshire, VermontConnecticut
43%
Georgia, South CarolinaSavannah
37%
Minnesota, North Dakota{Red} River of the {North}
36%
Arkansas, Oklahoma, Texas{Red} River of the {South}
36%
Illinois, IndianaWabash
30%
Alabama, GeorgiaChattahoochee
27%
Minnesota, Wisconsin{St} {Croix}
16%
Louisiana, MississippiPearl
13%
Florida, Georgia{St} {Marys}
11%
Kentucky, Virginia, West Virginia{Tug} {Fork}
5%
Minnesota, N Dakota, S Dakota{Bois} {de} {Sioux}
4%
Maine, New HampshirePiscataqua
2%
Maine, New Hampshire{Salmon} {Falls}
2%

Score Distribution

Percentile by Number Answered

Percent of People with Each Score

Your Score History

You have not taken this quiz